Крестьянская реформа 1864 года в Царстве Польском

التفاصيل البيبلوغرافية
المؤلف الرئيسي: Костюшко И. И. Иван Иванович
اللغة:الروسية
منشور في: Москва, Изд-во АН СССР, 1962
الموضوعات:
التنسيق: كتاب
KOHA link:https://koha.lib.tpu.ru/cgi-bin/koha/opac-detail.pl?biblionumber=17309

MARC

LEADER 00000nam0a2200000 4500
001 17309
005 20231030190842.0
035 |a (RuTPU)RU\TPU\book\17443 
035 |a BOOK00000007 
090 |a 17309 
100 |a 20011209d1962 k y0rusy50 ca 
101 0 |a rus 
102 |a RU 
105 |a y z 000zy 
200 1 |a Крестьянская реформа 1864 года в Царстве Польском  |f И. И. Костюшко 
210 |a Москва  |c Изд-во АН СССР  |d 1962 
215 |a 494 с. 
610 1 |a история 
610 1 |a Польша 
610 1 |a 19 век 
610 1 |a аграрный вопрос 
610 1 |a крестьянская реформа 
675 |a 9(438)  |v 3 
686 |a Т3(4п)  |v LBC/SL-A  |2 rubbk 
700 1 |a Костюшко  |b И. И.  |g Иван Иванович 
801 0 |a RU  |b 63413507  |c 20011209  |g PSBO 
801 2 |a RU  |b 63413507  |c 20080326  |g PSBO 
942 |c BK